000 00622nam a2200229Ia 4500
003 OSt
005 20220928125848.0
006 a|||||r|||| 00| 0
007 ta
008 220927b |||||||| |||| 00| 0 eng d
024 _a51285
037 _cTextual
040 _aSDCL
_cSDCL
_beng
041 _2eng
_aeng
082 _aY:3(Q).1'P, P1
100 _aFenn Richard K Ed.
_9472068
245 0 _aBlackwell companion to sciology of religion
260 _aOxford
_bBlackwell
_c2001
300 _axx, 485p.
_ccm.
942 _hY:3(Q).1'P, P1
_cTEXL
_2CC
999 _c784646
_d784646